Paroles - Dis, quand reviendras-tu ? - Barbara - Statistiques

Statistiques générales
  • Ce quiz a été pris 452 fois
  • Le résultat moyen est 182 sur 231
Statistiques - réponses
Paroles % Correct
Dis,
99%
te
99%
tu
99%
Tu
99%
tu ?
99%
A
98%
à
98%
de
98%
le
98%
Le
98%
quand
98%
que
98%
Que
98%
reviendras-
98%
Au
97%
au
97%
moins
97%
ne
97%
Ne
97%
pas
97%
qui
97%
sais-
97%
se
97%
temps
97%
plus
96%
tout
95%
les
93%
perdu
93%
rattrape
93%
guère
91%
je
91%
Je
91%
passe
91%
es
90%
jours,
90%
combien
88%
la
88%
nuits
88%
Et
87%
et
87%
Pour
86%
pour
86%
c'est
85%
dans
84%
me
84%
cette
82%
dit
82%
Nous
81%
nous
81%
d'amour
80%
d'amour,
80%
m'as
79%
reparti
79%
Voilà
79%
voilà
79%
dernier
78%
fois,
78%
printemps,
78%
printemps
78%
si
78%
Si
78%
toi
78%
toi,
78%
des
77%
Paris
77%
voyage
77%
beau
75%
j'ai
75%
J'ai
75%
naufrage
75%
nos
75%
parle
75%
rues
74%
joli
73%
mal
73%
parler
73%
rêve,
73%
déjà
72%
feuilles
72%
n'ai
72%
voir
72%
mortes,
71%
coeurs
70%
depuis
70%
retour
69%
serai
69%
déambulerons
68%
longtemps
68%
verras,
68%
femmes
66%
fin
66%
frissonne
66%
jardins
66%
bois
65%
irons
65%
marins
65%
d'automne
64%
déchirés
64%
ensemble
64%
feux
64%
mes
64%
refleuris
63%
suis
63%
bas
62%
brûlent
62%
toujours
62%
beaux
61%
s'est
61%
souvenirs
61%
vertu
60%
deux
59%
t'aimer
59%
un
59%
viens,
59%
celles
58%
ferai
58%
Ton
58%
vais,
58%
encore,
57%
qu'il
57%
enfui
56%
n'aimer
56%
comme
55%
Craquent
55%
comprends
53%
revenir
53%
faut
52%
rengaine
52%
Soudain
52%
traîne
50%
chagrin
48%
soleil
48%
meurent
47%
autre
46%
chavire,
44%
m'alanguis,
44%
tourne,
44%
vire,
43%
réchauffer
42%
hante,
41%
J'irai
41%
monde
41%
tangue,
39%
image
37%
route,
37%
m'émerveille
34%
reprendrai
33%
Aucun quiz correspondant
Distribution des résultats
% des personnes avec chaque résultat
Percentile par nombre de réponses
Votre historique - résultats
Vous n’avez pas pris ce quiz